|
ห้องสมุด วิทยาลัยพยาบาลบรมราชชนนี อุดรธานี
Boromarajonani College of Nursing, Udonthani
|


|
mysqli: Table './ulib2015/stat_globaluid' is marked as crashed and last (automatic?) repair failed
select id from stat_globaluid where statuid='20260418223755_681'
mysqli: Table './ulib2015/stat_globaluid' is marked as crashed and last (automatic?) repair failed
DELETE FROM stat_globaluid
WHERE id NOT IN (
SELECT id
FROM (
SELECT id
FROM stat_globaluid
ORDER BY id DESC
LIMIT 100
) foo
);
mysqli: Table './ulib2015/stat_globaluid' is marked as crashed and last (automatic?) repair failed
insert into stat_globaluid set
statuid='20260418223755_681',
dt='1776526675',
phpself='/ULIB/dublinfull.php',
agent='Mozilla/5.0 AppleWebKit/537.36 (KHTML, like Gecko; compatible; ClaudeBot/1.0; +claudebot@anthropic.com)',
yea='2026',
mon='4',
dat='18',
ip='216.73.216.142'
| LEADER 00674nam 2200229 a 4500 |
| 001 10049 |
| 003 ULIBM |
| 008 270411sมปป. th m a001 0 tha d |
| 050 4 ^a BF^bว387ก มปป.
|
| 245 ^a ^a1111 |
| 250 ^aพิมพ์ครั้งที่ 1.
|
| 300 ^a 116 หน้า.
|
| 650 7 ^aทฤษฎีบุคคลิกภาพ.
|
| 945 ^p0^l0^i1100 |
| 999 ^aลิขิตลักษณ์
|
| คุณยังไม่ได้ล็อกอิน คุณสามารถมีกิจกรรมร่วมกับเว็บไซต์ได้ แต่ต้องล็อกอินก่อน :: |
|
| ลำดับที่ |
ประเภท |
เลขเรียก/บาร์โค้ด |
สถานที่ |
สถานะ |
| 1. |
 หนังสือภาษาไทย | BF ว387ก มปป. Barcode: 1100 | หนังสือทั่วไป | On Shelf |
| [แสดง 1/1 รายการ] |
mysqli: Can't create/write to file '/var/tmp/#sql_59d_0.MAI' (Errcode: 2)
select * from index_db where titl like '%การปรับปรุงบุคคลิกภาพ/ วัชรี ทรัพย์มี.%' and mid<>'10049' order by rand() limit 3
mysqli: Can't create/write to file '/var/tmp/#sql_59d_0.MAI' (Errcode: 2)
select * from index_db where subj like '%ทฤษฎีบุคคลิกภาพ.%' and mid<>'10049' order by rand() limit 3
|
ยังไม่เคยถูกคอมเมนท์
|
| คอมเมนท์ทรัพยากรรายการนี้ |
|